Kvantitativní metody v manažerském rozhodování

Salvato in:
Dettagli Bibliografici
Autore principale: Gros, Ivan
Natura: Libro
Lingua:ceco
Pubblicazione: Praha Grada Publishing 2003
Serie:Expert
Soggetti:
Tags: Aggiungi Tag
Nessun Tag, puoi essere il primo ad aggiungerne!!

MARC

LEADER 00000nam a2200000 4500
001 c142544
005 20221124084746.8
020 |a 80-247-0421-8 
041 0 |a cze 
044 |a CZ 
245 1 0 |a Kvantitativní metody v manažerském rozhodování  |c Ivan Gros 
264 1 |a Praha  |b Grada Publishing  |c 2003 
300 |a 432 s. 
490 1 |a Expert 
830 0 |a Expert 
610 2 0 |a rozhodovanie manažérske 
610 2 0 |a riadenie vedecké 
610 2 0 |a modely 
610 2 0 |a bilancie 
610 2 0 |a analýzy 
610 2 0 |a programovanie matematické 
610 2 0 |a optimalizácia 
610 2 0 |a obsluha 
610 2 0 |a riadenie zásob 
610 2 0 |a lokalizácia 
610 2 0 |a teória hier 
610 2 0 |a simulácia 
610 2 0 |a modely prognostické 
100 1 |a Gros, Ivan